| 000 | 00621cam a22002171 4500 | ||
|---|---|---|---|
| 001 | 9375982 | ||
| 005 | 20180130071413.0 | ||
| 008 | 730426s1963 mnua j 000 0 eng | ||
| 010 | _a 62020800 | ||
| 035 | _a(OCoLC)611571 | ||
| 040 |
_aDLC _cODaWU _dOCoLC _dFU _dDLC |
||
| 041 | _aeng | ||
| 042 | _apremarc | ||
| 080 | _a78 rob | ||
| 082 | _278 rob | ||
| 100 | 1 | _a45 | |
| 101 | _amuz | ||
| 245 | 1 | 4 |
_aThe beat of the drum; _cby Robert W. Surplus ; illustrated by George Overlie. |
| 906 |
_a7 _bcbc _coclcrpl _du _encip _f19 _gy-gencatlg |
||
| 942 |
_2ddc _cBK |
||
| 999 |
_c41287 _d41287 |
||